[Event "46th Bulgarian Team Championship"]
[Site "Sunny Beach"]
[Date "2013.09.19"]
[Round "1"]
[Board "1"]
[White "Videnova, Iva"]
[Black "Nestorova, Lozanka"]
[Result "1-0"]
[WhiteElo "2293"]
[BlackElo "2019"]
[PlyCount "66"]
[EventDate "2013.09.19"]
[EventType "team"]
[EventRounds "7"]
[EventCountry "BUL"]
[WhiteTeam "Lokomotiv 2000, Plovdiv"]
[BlackTeam "Ivis-plus, Sofia"]

1. e4 c5 2. Nf3 Nc6 3. d4 cxd4 4. Nxd4 e5 5. Nb5 a6 6. Nd6+ Bxd6 7. Qxd6 Qf6 8.
Qc7 Nge7 9. Nc3 O-O 10. Bd3 Nb4 11. O-O d5 12. f4 Nxd3 13. cxd3 exf4 14. Bxf4
Qd4+ 15. Kh1 Ng6 16. Bd6 Be6 17. Bxf8 Rxf8 18. exd5 Bxd5 19. Nxd5 Qxd5 20. Qc4
Qd6 21. d4 Ne7 22. Qc5 Qd7 23. Rae1 Nc8 24. Rc1 Nd6 25. Qc7 Qe6 26. d5 Qh6 27.
Rce1 Qg6 28. Qe7 h6 29. Qh4 Qd3 30. Qg3 Qxg3 31. hxg3 Rd8 32. Re7 Kf8 33. Rc7
Re8 1-0

[Event "46th Bulgarian Team Championship"]
[Site "Sunny Beach"]
[Date "2013.09.19"]
[Round "1"]
[Board "1"]
[White "Sandu, Mihaela"]
[Black "Arutyunova, Diana"]
[Result "1-0"]
[WhiteElo "2267"]
[BlackElo "2267"]
[PlyCount "61"]
[EventDate "2013.09.19"]
[EventType "team"]
[EventRounds "7"]
[EventCountry "BUL"]
[WhiteTeam "Marek-Union Ivkoni, Dupnitsa"]
[BlackTeam "Spartak Pleven XXI"]

1. e4 e6 2. d4 d5 3. Nc3 Nf6 4. Bg5 Be7 5. e5 Nfd7 6. h4 Bxg5 7. hxg5 Qxg5 8.
Nh3 Qe7 9. Nf4 Nc6 10. Qg4 Nxd4 11. O-O-O Nf5 12. Nfxd5 exd5 13. Nxd5 Qxe5 14.
Bb5 O-O 15. Bxd7 Nh6 16. Qd4 Qxd4 17. Rxd4 c5 18. Rd2 Bxd7 19. Ne7+ Kh8 20.
Rxd7 b6 21. f3 Ng8 22. Rhd1 Nxe7 23. Rxe7 Kg8 24. Rdd7 a6 25. a4 h5 26. a5 bxa5
27. Re5 Rfe8 28. Rxh5 Re2 29. Rd2 Re1+ 30. Rd1 Re2 31. Rdh1 1-0

[Event "46th Bulgarian Team Championship"]
[Site "Sunny Beach"]
[Date "2013.09.19"]
[Round "1"]
[Board "2"]
[White "Andreeva, Plamena"]
[Black "Bednikova, Stefi"]
[Result "1/2-1/2"]
[WhiteElo "2085"]
[BlackElo "2043"]
[PlyCount "63"]
[EventDate "2013.09.19"]
[EventType "team"]
[EventRounds "7"]
[EventCountry "BUL"]
[WhiteTeam "Spartak Pleven XXI"]
[BlackTeam "Marek-Union Ivkoni, Dupnitsa"]

1. e4 e6 2. d4 d5 3. exd5 exd5 4. Bd3 Bd6 5. Nf3 Nc6 6. c3 Qe7+ 7. Qe2 Qxe2+ 8.
Bxe2 Nge7 9. O-O Bf5 10. Re1 O-O-O 11. Nbd2 Rde8 12. Nf1 f6 13. Ng3 Bd7 14. Bd2
a6 15. Bd3 Bxg3 16. hxg3 Bf5 17. Bxf5+ Nxf5 18. Rxe8+ Rxe8 19. Re1 Rxe1+ 20.
Nxe1 h5 21. Nd3 g5 22. Kf1 Nd8 23. Ke2 c6 24. Be1 b6 25. f3 a5 26. Bf2 Kd7 27.
Kd2 Ne6 28. a4 Nd6 29. b3 Ng7 30. Ke2 Ne6 31. Kd2 Ng7 32. Ke2 1/2-1/2

[Event "46th Bulgarian Team Championship"]
[Site "Sunny Beach"]
[Date "2013.09.19"]
[Round "1"]
[Board "3"]
[White "Savova, Stefka"]
[Black "Yordanova, Svetla"]
[Result "1/2-1/2"]
[WhiteElo "2112"]
[BlackElo "2053"]
[PlyCount "120"]
[EventDate "2013.09.19"]
[EventType "team"]
[EventRounds "7"]
[EventCountry "BUL"]
[WhiteTeam "Marek-Union Ivkoni, Dupnitsa"]
[BlackTeam "Spartak Pleven XXI"]

1. e4 c6 2. d3 d5 3. Nd2 e5 4. Ngf3 Bd6 5. g3 Nf6 6. Bg2 O-O 7. O-O Re8 8. Re1
Nbd7 9. a4 a5 10. h3 Bc7 11. b3 Nf8 12. Bb2 Ng6 13. Nf1 d4 14. N1d2 h6 15. Nh2
Be6 16. h4 Qd7 17. Ndf1 b5 18. h5 Nf8 19. Bc1 Bh3 20. Qf3 Bg4 21. Nxg4 Qxg4 22.
Qxg4 Nxg4 23. Nh2 Nf6 24. Bf3 Bd6 25. Bd2 Bb4 26. Bxb4 axb4 27. axb5 cxb5 28.
Ng4 N6d7 29. Nh2 Ra3 30. Rab1 Ra2 31. Bd1 Ne6 32. Nf3 g6 33. hxg6 fxg6 34. Kg2
Kg7 35. Rh1 Rf8 36. Rf1 g5 37. Ne1 Nec5 38. Bh5 Nf6 39. Bd1 Ne6 40. Nf3 Nd7 41.
Ne1 Nec5 42. Bh5 Nf6 43. Bd1 g4 44. Rh1 h5 45. Rf1 Nh7 46. f3 gxf3+ 47. Rxf3
Rxf3 48. Kxf3 Kg6 49. Ke2 Ng5 50. Kd2 Kh6 51. Ke2 Kg6 52. Nf3 Nxf3 53. Kxf3 Kg5
54. Ke2 Ne6 55. Kd2 Ra8 56. Be2 Kg6 57. Rh1 Ng7 58. Rf1 Ra6 59. Rf8 Ra5 60. Rf1
Ra8 1/2-1/2

[Event "46th Bulgarian Team Championship"]
[Site "Sunny Beach"]
[Date "2013.09.19"]
[Round "1"]
[Board "4"]
[White "Shtereva, Slaveja"]
[Black "Baninska, Tanja"]
[Result "1-0"]
[WhiteElo "2064"]
[BlackElo "2099"]
[PlyCount "123"]
[EventDate "2013.09.19"]
[EventType "team"]
[EventRounds "7"]
[EventCountry "BUL"]
[WhiteTeam "Spartak Pleven XXI"]
[BlackTeam "Marek-Union Ivkoni, Dupnitsa"]

1. c4 c5 2. Nc3 Nc6 3. g3 g6 4. Bg2 Bg7 5. d3 d6 6. e4 h5 7. h4 Nf6 8. Nge2 Bg4
9. f3 Bd7 10. Be3 O-O 11. O-O Ne8 12. Qd2 Kh7 13. d4 cxd4 14. Nxd4 Ne5 15. b3
Nc7 16. Rac1 a6 17. Nd5 Nxd5 18. cxd5 Rc8 19. Rxc8 Qxc8 20. Rc1 Qb8 21. Kh2 Rc8
22. Bh3 Rc7 23. Bxd7 Nxd7 24. Kg2 Qc8 25. Rxc7 Qxc7 26. Qc2 Qxc2+ 27. Nxc2 Ne5
28. Nd4 Nd3 29. Nc6 Bf6 30. Nd8 e6 31. Nxf7 exd5 32. Nxd6 b5 33. Ne8 Bd8 34.
exd5 Nb4 35. d6 Nxa2 36. Nc7 Nb4 37. Ne6 Ba5 38. d7 Nc6 39. Bg5 Kg8 40. d8=Q+
Bxd8 41. Nxd8 Nd4 42. b4 Kf8 43. Nb7 Nc6 44. Bd2 Ke7 45. Nc5 Kd6 46. Nxa6 Kd5
47. Kf2 Kc4 48. Ke3 Nd4 49. Ke4 Nf5 50. Be1 Nd4 51. g4 Nc2 52. Bd2 Nd4 53. gxh5
gxh5 54. f4 Nc6 55. f5 Nd8 56. f6 Nf7 57. Kf5 Kd3 58. Bg5 Kc4 59. Kg6 Ne5+ 60.
Kxh5 Kd5 61. Nc5 Kc4 62. Bf4 1-0

[Event "46th Bulgarian Team Championship"]
[Site "Sunny Beach"]
[Date "2013.09.19"]
[Round "1"]
[Board "1"]
[White "Raeva, Elitsa"]
[Black "Strutinskaya, Galina N"]
[Result "1/2-1/2"]
[WhiteElo "2327"]
[BlackElo "2292"]
[PlyCount "106"]
[EventDate "2013.09.19"]
[EventType "team"]
[EventRounds "7"]
[EventCountry "BUL"]
[WhiteTeam "Shah XXI, Sofia"]
[BlackTeam "Lokomotiv, Plovdiv"]

1. c4 e5 2. Nc3 Bb4 3. Nd5 Bc5 4. Nf3 c6 5. Nc3 d6 6. d4 exd4 7. Nxd4 Ne7 8. e3
Nf5 9. Nc2 a5 10. g3 g6 11. Bg2 O-O 12. b3 Qe7 13. Bb2 Na6 14. Ne4 f6 15. h4
Ng7 16. h5 Bf5 17. Nxc5 Nxc5 18. Kf1 Nxh5 19. g4 Bd3+ 20. Kg1 Ng7 21. Ne1 Be4
22. f3 Bf5 23. Kf2 Be6 24. Nd3 a4 25. Nf4 axb3 26. axb3 Rxa1 27. Bxa1 g5 28.
Ne2 Bf7 29. Nd4 d5 30. cxd5 cxd5 31. b4 Nd7 32. Qd3 Bg6 33. Qb5 Qd6 34. f4 Be4
35. Bxe4 dxe4 36. Qxb7 gxf4 37. Qxe4 fxe3+ 38. Kg2 Re8 39. Qxh7+ Kf8 40. Qxg7+
Kxg7 41. Nf5+ Kg6 42. Nxd6 Re6 43. Nf5 e2 44. Bc3 Ne5 45. Nd4 Re8 46. Nxe2 Nxg4
47. Nf4+ Kf5 48. Nd5 Rd8 49. Nxf6 Ne3+ 50. Kf3 Rd3 51. Ne4 Nd5+ 52. Ke2 Nf4+
53. Kf2 Kxe4 1/2-1/2

[Event "46th Bulgarian Team Championship"]
[Site "Sunny Beach"]
[Date "2013.09.19"]
[Round "1"]
[Board "2"]
[White "Voiska, Margarita"]
[Black "Velcheva, Maria"]
[Result "1/2-1/2"]
[WhiteElo "2275"]
[BlackElo "2268"]
[PlyCount "61"]
[EventDate "2013.09.19"]
[EventType "team"]
[EventRounds "7"]
[EventCountry "BUL"]
[WhiteTeam "Lokomotiv, Plovdiv"]
[BlackTeam "Shah XXI, Sofia"]

1. d4 d5 2. c4 c6 3. Nf3 Nf6 4. e3 Bf5 5. Nc3 e6 6. Bd3 Bxd3 7. Qxd3 Nbd7 8.
O-O Be7 9. e4 dxe4 10. Nxe4 Nxe4 11. Qxe4 O-O 12. b3 Qc7 13. Bb2 Bf6 14. Rad1
Rfd8 15. h3 h6 16. Rfe1 c5 17. Qe2 cxd4 18. Bxd4 a6 19. Rd2 Bxd4 20. Rxd4 Nf6
21. Red1 Rxd4 22. Rxd4 Rd8 23. Qd2 Rxd4 24. Qxd4 Nd7 25. Nd2 Nf6 26. Nf3 Nd7
27. Nd2 Nf6 28. Ne4 Nxe4 29. Qxe4 Qd7 30. g3 g6 31. h4 1/2-1/2

[Event "46th Bulgarian Team Championship"]
[Site "Sunny Beach"]
[Date "2013.09.19"]
[Round "1"]
[Board "3"]
[White "Maksimovic, Suzana"]
[Black "Genova, Ruzhka"]
[Result "1/2-1/2"]
[WhiteElo "2182"]
[BlackElo "2211"]
[PlyCount "58"]
[EventDate "2013.09.19"]
[EventType "team"]
[EventRounds "7"]
[EventCountry "BUL"]
[WhiteTeam "Shah XXI, Sofia"]
[BlackTeam "Lokomotiv, Plovdiv"]

1. d4 Nf6 2. c4 e6 3. Nc3 Bb4 4. e3 Nc6 5. Nge2 O-O 6. a3 Bxc3+ 7. Nxc3 d6 8.
d5 Ne7 9. Be2 e5 10. O-O a5 11. f4 c5 12. g4 exf4 13. exf4 Nd7 14. b3 Ra6 15.
Ra2 Ng6 16. Bd3 Re8 17. Re2 Rxe2 18. Qxe2 Ndf8 19. g5 Bh3 20. Re1 Qd7 21. Qf2
Bf5 22. Bf1 Ra8 23. Nb5 Rd8 24. Bd2 b6 25. b4 axb4 26. axb4 Bh3 27. Bd3 Bf5 28.
Bf1 Bh3 29. Bd3 Bf5 1/2-1/2

[Event "46th Bulgarian Team Championship"]
[Site "Sunny Beach"]
[Date "2013.09.19"]
[Round "1"]
[Board "2"]
[White "Genova, Lyubka"]
[Black "Pionova, Sonja"]
[Result "1-0"]
[WhiteElo "2269"]
[BlackElo "2058"]
[PlyCount "89"]
[EventDate "2013.09.19"]
[EventType "team"]
[EventRounds "7"]
[EventCountry "BUL"]
[WhiteTeam "CSKA, Sofia"]
[BlackTeam "Viktory, Blagoevgrad"]

1. e4 c5 2. b3 b6 3. Bb2 Bb7 4. Nc3 d6 5. f4 Nd7 6. Nf3 e6 7. Qe2 a6 8. a4 Ne7
9. g3 Nc6 10. d3 Be7 11. Bg2 Bf6 12. e5 dxe5 13. Ne4 Qc7 14. fxe5 Ndxe5 15.
Nxf6+ gxf6 16. Nxe5 fxe5 17. Bxc6+ Qxc6 18. Rf1 f5 19. Qh5+ Ke7 20. Bxe5 Rhf8
21. Qxh7+ Rf7 22. Qh4+ Kd7 23. O-O-O Rg8 24. Qh5 Rff8 25. Rfe1 b5 26. a5 Kc8
27. h4 Qd7 28. Qh6 b4 29. d4 Bd5 30. dxc5 Re8 31. Rd4 Qb7 32. Qd2 Rg4 33. Bf4
Kd7 34. Rxb4 Qc6 35. Qd4 Rc8 36. Rb6 Qxc5 37. Rb7+ Ke8 38. Qh8+ Qf8 39. Qh5+
Kd8 40. Bg5+ Rxg5 41. Qxg5+ Ke8 42. Qg6+ Kd8 43. Rf7 Qa3+ 44. Kb1 Rxc2 45. Qg8+
1-0

[Event "46th Bulgarian Team Championship"]
[Site "Sunny Beach"]
[Date "2013.09.19"]
[Round "1"]
[Board "4"]
[White "Gocheva, Rumiana"]
[Black "Kantardzhieva, Toni"]
[Result "1-0"]
[WhiteElo "2134"]
[BlackElo "1907"]
[PlyCount "55"]
[EventDate "2013.09.19"]
[EventType "team"]
[EventRounds "7"]
[EventCountry "BUL"]
[WhiteTeam "CSKA, Sofia"]
[BlackTeam "Viktory, Blagoevgrad"]

1. e4 e5 2. Bc4 Nf6 3. d3 d5 4. exd5 Nxd5 5. Nf3 Nc6 6. O-O Be7 7. Re1 Bg4 8.
h3 Bxf3 9. Qxf3 Nf6 10. Bb5 Qd6 11. Bxc6+ bxc6 12. Nd2 Nd7 13. Nc4 Qe6 14. Nxe5
O-O 15. Bf4 Nxe5 16. Bxe5 Qd7 17. Qg3 f6 18. Bxc7 Bc5 19. Qf4 Rac8 20. Qc4+ Rf7
21. Qxc5 Qxc7 22. Re6 h6 23. Rae1 Qb7 24. Re8+ Rxe8 25. Rxe8+ Kh7 26. Qf5+ g6
27. Qc8 Qxc8 28. Rxc8 1-0

[Event "46th Bulgarian Team Championship"]
[Site "Sunny Beach"]
[Date "2013.09.20"]
[Round "2"]
[Board "1"]
[White "Nestorova, Lozanka"]
[Black "Stojanovic, Andjelija"]
[Result "0-1"]
[WhiteElo "2019"]
[BlackElo "2303"]
[PlyCount "54"]
[EventDate "2013.09.19"]
[EventType "team"]
[EventRounds "7"]
[EventCountry "BUL"]
[WhiteTeam "Ivis-plus, Sofia"]
[BlackTeam "CSKA, Sofia"]

1. Nf3 d6 2. c4 e5 3. Nc3 Nc6 4. g3 g6 5. Bg2 Bg7 6. d3 Nf6 7. O-O O-O 8. Rb1
a5 9. a3 h6 10. b4 axb4 11. axb4 Be6 12. Nd2 Rb8 13. Nb3 Nxb4 14. Na5 c5 15.
Nxb7 Qb6 16. Na4 Qc7 17. Be3 Nd7 18. Qd2 Rxb7 19. Bxb7 Qxb7 20. f3 Kh7 21. Nc3
f5 22. Nb5 Qc6 23. h4 Ra8 24. Kf2 Ra2 25. Qd1 e4 26. fxe4 fxe4 27. dxe4 Qxe4
0-1

[Event "46th Bulgarian Team Championship"]
[Site "Sunny Beach"]
[Date "2013.09.20"]
[Round "2"]
[Board "2"]
[White "Genova, Lyubka"]
[Black "Parvanova, Desislava"]
[Result "1-0"]
[WhiteElo "2269"]
[BlackElo "1983"]
[PlyCount "59"]
[EventDate "2013.09.19"]
[EventType "team"]
[EventRounds "7"]
[EventCountry "BUL"]
[WhiteTeam "CSKA, Sofia"]
[BlackTeam "Ivis-plus, Sofia"]

1. e4 e5 2. Nf3 Nc6 3. Nc3 Nf6 4. d4 exd4 5. Nxd4 Bb4 6. Nxc6 bxc6 7. Bd3 d5 8.
exd5 Qe7+ 9. Qe2 Qxe2+ 10. Bxe2 Nxd5 11. Bd2 O-O 12. Nxd5 Bxd2+ 13. Kxd2 cxd5
14. Rad1 Be6 15. Kc1 c5 16. Bf3 Rad8 17. Rhe1 Rd7 18. Re5 Rfd8 19. Rd3 g6 20.
Ra3 Kg7 21. Ra5 Rc7 22. Re3 Kf6 23. Ra6 Kg5 24. h4+ Kf6 25. Bg4 Re8 26. f4 Ree7
27. h5 h6 28. hxg6 h5 29. Bh3 Kg7 30. f5 1-0

[Event "46th Bulgarian Team Championship"]
[Site "Sunny Beach"]
[Date "2013.09.20"]
[Round "2"]
[Board "2"]
[White "Pionova, Sonja"]
[Black "Voiska, Margarita"]
[Result "0-1"]
[WhiteElo "2058"]
[BlackElo "2275"]
[PlyCount "36"]
[EventDate "2013.09.19"]
[EventType "team"]
[EventRounds "7"]
[EventCountry "BUL"]
[WhiteTeam "Viktory, Blagoevgrad"]
[BlackTeam "Lokomotiv, Plovdiv"]

1. e4 g6 2. d4 Bg7 3. Nf3 c6 4. a4 d5 5. e5 Nh6 6. Bd3 f6 7. Qe2 O-O 8. h3 Nf7
9. Bf4 fxe5 10. Nxe5 Nd7 11. Bg3 Nfxe5 12. dxe5 Qb6 13. c4 Qb4+ 14. Kf1 Nc5 15.
Bc2 d4 16. Bd1 Bh6 17. Qc2 Bf5 18. Qe2 Bd3 0-1

[Event "46th Bulgarian Team Championship"]
[Site "Sunny Beach"]
[Date "2013.09.20"]
[Round "2"]
[Board "3"]
[White "Genova, Ruzhka"]
[Black "Tsekova, Viktoria"]
[Result "1-0"]
[WhiteElo "2211"]
[BlackElo "1901"]
[PlyCount "61"]
[EventDate "2013.09.19"]
[EventType "team"]
[EventRounds "7"]
[EventCountry "BUL"]
[WhiteTeam "Lokomotiv, Plovdiv"]
[BlackTeam "Viktory, Blagoevgrad"]

1. d4 Nf6 2. c4 g6 3. Nc3 d5 4. cxd5 Nxd5 5. Bd2 Nb6 6. Bf4 Bg7 7. e3 O-O 8.
Rc1 c5 9. dxc5 Qxd1+ 10. Nxd1 Nd5 11. Nf3 Nc6 12. Bg3 Bf5 13. a3 Na5 14. Nd2
Nf6 15. b4 Nc6 16. b5 Na5 17. Bc7 b6 18. cxb6 Nb7 19. Be2 axb6 20. Bxb6 Nd5 21.
Bd4 Bxd4 22. exd4 Rxa3 23. Nc4 Rb3 24. Ne5 Nd6 25. Nc6 Nxb5 26. Bc4 Nf4 27.
Bxb3 Nd3+ 28. Kd2 Nxc1 29. Kxc1 Rc8 30. d5 Nd4 31. Ba4 1-0

[Event "46th Bulgarian Team Championship"]
[Site "Sunny Beach"]
[Date "2013.09.20"]
[Round "2"]
[Board "1"]
[White "Arutyunova, Diana"]
[Black "Raeva, Elitsa"]
[Result "0-1"]
[WhiteElo "2267"]
[BlackElo "2327"]
[PlyCount "66"]
[EventDate "2013.09.19"]
[EventType "team"]
[EventRounds "7"]
[EventCountry "BUL"]
[WhiteTeam "Spartak Pleven XXI"]
[BlackTeam "Shah XXI, Sofia"]

1. e4 c5 2. Nf3 d6 3. d4 cxd4 4. Nxd4 Nf6 5. Nc3 a6 6. Bg5 Nbd7 7. Qd2 Qc7 8.
O-O-O e6 9. f4 Be7 10. Nf3 h6 11. Bh4 Nb6 12. e5 dxe5 13. fxe5 Nfd5 14. Bxe7
Kxe7 15. Ne4 Nc4 16. Qe1 Nce3 17. Rd2 Bd7 18. Kb1 Bb5 19. Bd3 Bc4 20. Nd6 Rhc8
21. Nd4 Bxa2+ 22. Kxa2 Qa5+ 23. Kb1 Nb4 24. Rd1 Nxd1 25. Nxc8+ Rxc8 26. Qxd1
Qa2+ 27. Kc1 Nxd3+ 28. Kd2 Nxe5 29. b3 Qa5+ 30. Ke2 Rd8 31. Rf1 Qd5 32. Ke3 f5
33. Rf4 g5 0-1

[Event "46th Bulgarian Team Championship"]
[Site "Sunny Beach"]
[Date "2013.09.20"]
[Round "2"]
[Board "2"]
[White "Velcheva, Maria"]
[Black "Andreeva, Plamena"]
[Result "1-0"]
[WhiteElo "2268"]
[BlackElo "2085"]
[PlyCount "53"]
[EventDate "2013.09.19"]
[EventType "team"]
[EventRounds "7"]
[EventCountry "BUL"]
[WhiteTeam "Shah XXI, Sofia"]
[BlackTeam "Spartak Pleven XXI"]

1. e4 c5 2. Nf3 e6 3. d4 cxd4 4. Nxd4 Nf6 5. Nc3 Bb4 6. e5 Nd5 7. Bd2 Nxc3 8.
bxc3 Ba5 9. Qg4 Kf8 10. Qg3 Nc6 11. Nxc6 dxc6 12. Bd3 c5 13. O-O Bd7 14. Rad1
Bc6 15. f4 f5 16. exf6 gxf6 17. Qh3 Rg8 18. Rf2 Qd7 19. Be3 b6 20. Be2 Qe7 21.
f5 e5 22. Bh6+ Rg7 23. Bf3 Bxf3 24. Rxf3 Kg8 25. Bxg7 Kxg7 26. Rfd3 Kf8 27. Rd7
1-0

[Event "46th Bulgarian Team Championship"]
[Site "Sunny Beach"]
[Date "2013.09.20"]
[Round "2"]
[Board "1"]
[White "Videnova, Iva"]
[Black "Sandu, Mihaela"]
[Result "1/2-1/2"]
[WhiteElo "2293"]
[BlackElo "2267"]
[PlyCount "100"]
[EventDate "2013.09.19"]
[EventType "team"]
[EventRounds "7"]
[EventCountry "BUL"]
[WhiteTeam "Lokomotiv 2000, Plovdiv"]
[BlackTeam "Marek-Union Ivkoni, Dupnitsa"]

1. e4 c5 2. Nf3 d6 3. d4 cxd4 4. Nxd4 Nf6 5. Nc3 a6 6. Bg5 e6 7. f4 Qc7 8. Qf3
b5 9. Bxf6 gxf6 10. e5 Bb7 11. Qh5 dxe5 12. Nxe6 Qb6 13. Nxf8 Qe3+ 14. Qe2 Qxf4
15. Nxh7 Rxh7 16. g3 Qh6 17. Bg2 Bxg2 18. Qxg2 Qe3+ 19. Qe2 Qxe2+ 20. Kxe2 Nc6
21. Nd5 O-O-O 22. Nxf6 Rh6 23. Ng4 Rg6 24. Ne3 Nd4+ 25. Kf2 Rf6+ 26. Kg2 Nxc2
27. Rac1 Rd2+ 28. Kh3 Rff2 29. Rxc2+ Rxc2 30. Nxc2 Rxc2 31. Kg4 Kd7 32. h4 Ke7
33. h5 Kf8 34. h6 Kg8 35. h7+ Kh8 36. Rf1 Kxh7 37. Rxf7+ Kg6 38. Ra7 Rc6 39.
Kf3 Rd6 40. g4 Kf6 41. Rh7 Rd3+ 42. Ke2 Rg3 43. Rh6+ Kg5 44. Rxa6 Rg2+ 45. Kf3
Rxb2 46. Re6 Rxa2 47. Rxe5+ Kg6 48. Rxb5 Ra3+ 49. Kf4 Ra4+ 50. Kg3 Ra1 1/2-1/2

[Event "46th Bulgarian Team Championship"]
[Site "Sunny Beach"]
[Date "2013.09.21"]
[Round "3"]
[Board "1"]
[White "Sandu, Mihaela"]
[Black "Nestorova, Lozanka"]
[Result "1-0"]
[WhiteElo "2267"]
[BlackElo "2019"]
[PlyCount "53"]
[EventDate "2013.09.19"]
[EventType "team"]
[EventRounds "7"]
[EventCountry "BUL"]
[WhiteTeam "Marek-Union Ivkoni, Dupnitsa"]
[BlackTeam "Ivis-plus, Sofia"]

1. e4 c5 2. Nf3 Nc6 3. d4 cxd4 4. Nxd4 e5 5. Nb5 a6 6. Nd6+ Bxd6 7. Qxd6 Qf6 8.
Qxf6 Nxf6 9. Nc3 d5 10. exd5 Nb4 11. Bd3 Nxd3+ 12. cxd3 Bf5 13. Bg5 Bxd3 14.
Rd1 Bf5 15. Bxf6 gxf6 16. O-O Rg8 17. f4 e4 18. Rfe1 Kd7 19. d6 Rae8 20. Nd5
Re6 21. Kf2 Bg4 22. Rd2 f5 23. h3 Bh5 24. Ne3 Rgg6 25. Rc1 Rxd6 26. Rxd6+ Rxd6
27. Nxf5 1-0

[Event "46th Bulgarian Team Championship"]
[Site "Sunny Beach"]
[Date "2013.09.21"]
[Round "3"]
[Board "3"]
[White "Savova, Stefka"]
[Black "Draganova, Petranka"]
[Result "1/2-1/2"]
[WhiteElo "2112"]
[BlackElo "1983"]
[PlyCount "87"]
[EventDate "2013.09.19"]
[EventType "team"]
[EventRounds "7"]
[EventCountry "BUL"]
[WhiteTeam "Marek-Union Ivkoni, Dupnitsa"]
[BlackTeam "Ivis-plus, Sofia"]

1. Nf3 Nf6 2. g3 b5 3. a4 b4 4. Bg2 Bb7 5. d3 d5 6. O-O Nbd7 7. Nbd2 e6 8. e4
dxe4 9. Ng5 Rb8 10. Ngxe4 Be7 11. Re1 O-O 12. Nc4 Nxe4 13. dxe4 Nc5 14. Qxd8
Rfxd8 15. b3 Ba8 16. Bf4 Na6 17. Rad1 Rxd1 18. Rxd1 Rd8 19. Rxd8+ Bxd8 20. Be3
c5 21. Nd6 Bc7 22. Nc8 Bb6 23. Nxb6 axb6 24. Bf4 c4 25. Bf1 cxb3 26. cxb3 Nc5
27. Bc4 Bxe4 28. Bd2 Bd5 29. Bxb4 Bxc4 30. Bxc5 Bxb3 31. Bxb6 Bxa4 32. Be3 f6
33. h4 e5 34. Bc5 Kf7 35. Bb4 Ke6 36. Bf8 g6 37. f3 Bc6 38. Kf2 e4 39. fxe4
Bxe4 40. Ke3 Kf5 41. Be7 Bc6 42. Bd8 g5 43. hxg5 Kxg5 44. Be7 1/2-1/2

[Event "46th Bulgarian Team Championship"]
[Site "Sunny Beach"]
[Date "2013.09.21"]
[Round "3"]
[Board "1"]
[White "Raeva, Elitsa"]
[Black "Videnova, Iva"]
[Result "1/2-1/2"]
[WhiteElo "2327"]
[BlackElo "2293"]
[PlyCount "106"]
[EventDate "2013.09.19"]
[EventType "team"]
[EventRounds "7"]
[EventCountry "BUL"]
[WhiteTeam "Shah XXI, Sofia"]
[BlackTeam "Lokomotiv 2000, Plovdiv"]

1. c4 c5 2. Nc3 g6 3. g3 Bg7 4. Bg2 Nc6 5. e3 e6 6. Nge2 Nge7 7. d4 cxd4 8.
exd4 d5 9. cxd5 Nxd5 10. O-O O-O 11. Be3 Nxe3 12. fxe3 Bh6 13. Nf4 e5 14. dxe5
Qxd1 15. Raxd1 Nxe5 16. b3 Bg7 17. Nb5 Bg4 18. Rd2 Rad8 19. Rc2 Bf5 20. Rc7 Rd2
21. Nd4 Bd3 22. Nxd3 Nxd3 23. Bd5 Ne5 24. Rf2 Bh6 25. Rxd2 Bxe3+ 26. Kg2 Bxd2
27. Nf3 Nxf3 28. Kxf3 Kg7 29. Rxb7 a5 30. a3 Kf6 31. Ke4 Bc1 32. Ra7 Bxa3 33.
Rxa5 Re8+ 34. Kd3 Bb4 35. Ra6+ Ke5 36. Bxf7 Rd8+ 37. Kc4 Rd4+ 38. Kb5 Bd6 39.
Bc4 Rd2 40. h3 Rg2 41. Kc6 Bb4 42. Rb6 Bd2 43. Rb5+ Kf6 44. Rd5 Be1 45. g4 Rg3
46. Rd1 Bc3 47. Rd3 Rxd3 48. Bxd3 Kg5 49. Kc5 Kh4 50. Bf1 h5 51. gxh5 gxh5 52.
b4 Bxb4+ 53. Kxb4 Kg5 1/2-1/2

[Event "46th Bulgarian Team Championship"]
[Site "Sunny Beach"]
[Date "2013.09.21"]
[Round "3"]
[Board "2"]
[White "Nikolova, Adriana"]
[Black "Velcheva, Maria"]
[Result "1-0"]
[WhiteElo "2274"]
[BlackElo "2268"]
[PlyCount "95"]
[EventDate "2013.09.19"]
[EventType "team"]
[EventRounds "7"]
[EventCountry "BUL"]
[WhiteTeam "Lokomotiv 2000, Plovdiv"]
[BlackTeam "Shah XXI, Sofia"]

1. e4 c5 2. Nf3 e6 3. c3 Nf6 4. e5 Nd5 5. d4 cxd4 6. cxd4 d6 7. Bc4 Nb6 8. Bd3
dxe5 9. dxe5 Na6 10. Bg5 Be7 11. Bxe7 Qxe7 12. Nc3 Bd7 13. Ne4 Qb4+ 14. Kf1 O-O
15. Nd6 h6 16. Qe2 Bc6 17. a3 Qf4 18. h4 Nc5 19. Bc2 Rad8 20. Rd1 Nbd7 21. b4
Na4 22. Qd3 f5 23. Qd4 Qg4 24. Bb3 Bxf3 25. gxf3 Qxf3 26. Bxe6+ Kh7 27. Bd5 Qh5
28. e6 Nc3 29. Rd3 Nxd5 30. Qxd5 Nf6 31. Qxb7 Rb8 32. Qxa7 Ra8 33. e7 Rfe8 34.
Qe3 Reb8 35. Qe5 Ng4 36. Qxf5+ Qxf5 37. Nxf5 Nf6 38. Kg2 Re8 39. Re1 Ra7 40.
Rd8 Kg6 41. Rxe8 Nxe8 42. Nd6 Nxd6 43. Re6+ Kf5 44. Rxd6 Rxe7 45. Rd3 Kg4 46.
b5 Kxh4 47. b6 Kg4 48. Rb3 1-0

[Event "46th Bulgarian Team Championship"]
[Site "Sunny Beach"]
[Date "2013.09.21"]
[Round "3"]
[Board "2"]
[White "Andreeva, Plamena"]
[Black "Pionova, Sonja"]
[Result "1-0"]
[WhiteElo "2085"]
[BlackElo "2058"]
[PlyCount "79"]
[EventDate "2013.09.19"]
[EventType "team"]
[EventRounds "7"]
[EventCountry "BUL"]
[WhiteTeam "Spartak Pleven XXI"]
[BlackTeam "Viktory, Blagoevgrad"]

1. e4 c5 2. Nc3 Nc6 3. g3 g6 4. d3 Bg7 5. Be3 d6 6. Qd2 b6 7. Bg2 Bb7 8. f4 e6
9. Nf3 Nd4 10. O-O Qd7 11. a4 Ne7 12. Bxd4 cxd4 13. Nb5 O-O 14. Nbxd4 Rfc8 15.
c3 a6 16. e5 Qc7 17. Rfe1 Qc5 18. Kh1 Rd8 19. exd6 Rxd6 20. Ne5 Bd5 21. Ndf3
Rad8 22. d4 Qc7 23. Qe2 f6 24. Nd3 Bc4 25. Qd2 b5 26. axb5 axb5 27. Nb4 Nd5 28.
Na6 Qf7 29. Nc5 b4 30. Qc2 bxc3 31. bxc3 Rb8 32. Nd2 Bb5 33. Rab1 Nc7 34. c4
Rxd4 35. cxb5 e5 36. fxe5 fxe5 37. b6 Nd5 38. Nf3 Nb4 39. Qb3 Qc4 40. Nxd4 1-0

[Event "46th Bulgarian Team Championship"]
[Site "Sunny Beach"]
[Date "2013.09.21"]
[Round "3"]
[Board "3"]
[White "Tsekova, Viktoria"]
[Black "Yordanova, Svetla"]
[Result "1/2-1/2"]
[WhiteElo "1901"]
[BlackElo "2053"]
[PlyCount "68"]
[EventDate "2013.09.19"]
[EventType "team"]
[EventRounds "7"]
[EventCountry "BUL"]
[WhiteTeam "Viktory, Blagoevgrad"]
[BlackTeam "Spartak Pleven XXI"]

1. Nf3 c5 2. c4 Nc6 3. d4 cxd4 4. Nxd4 Nf6 5. g3 e6 6. Nc3 Qb6 7. Nb3 Ne5 8. e4
Nfg4 9. Qe2 h5 10. f3 Nf6 11. Be3 Qc7 12. Nb5 Qb8 13. Rd1 a6 14. Nc3 Bb4 15.
Bg2 h4 16. Kf2 h3 17. Bf1 Bxc3 18. bxc3 Neg4+ 19. fxg4 Nxe4+ 20. Ke1 Nxc3 21.
Qd3 Nxd1 22. Kxd1 b5 23. c5 Bb7 24. Rg1 Qe5 25. Bf4 Qd5 26. Qxd5 Bxd5 27. Bd3
O-O 28. Kd2 Bf3 29. g5 f5 30. gxf6 Rxf6 31. Be5 Rff8 32. Bd6 Rf6 33. Be5 Rff8
34. Bd6 Rf6 1/2-1/2